00229nam a22001097a 4500020002200000082000800022100001800030245002200048250000800070260002700078300001400105 a978-81-317-7378-9 a540 aEkambaram, S. aGeneral Chemistry a1st aChennaibPearsonc2013 axiii, 638